000 00437nam a2200145Ia 4500
008 100204s9999 xx 000 0 und d
082 _b4443
100 _aराजवाडे राजा
245 _aहातकडया
260 _b"डिंंंंप्ंाल पब्लिकेशन, वसई"
_c1981
300 _a152
630 _aहातकडया
730 _aहातकडया
942 _cBOOK
999 _c449189
_d449186